| 000 | 00703nam a22001937a 4500 | ||
|---|---|---|---|
| 005 | 20100805152935.0 | ||
| 010 | _aENG-98463 | ||
| 020 |
_c195.00 _a9788190558716 |
||
| 035 | _aEN-81996 | ||
| 037 | _bDBAD/PUB | ||
| 082 | _a881 | ||
| 100 |
_aGadhvi, Bhumika _98187 |
||
| 245 |
_aA sojourn from margin to centre: _cby Bhumika Gadhvi _ba comparative study of black and dalit poetry / |
||
| 260 |
_aDelhi _bYatharth Publications _c2010 |
||
| 270 |
_a1/1955, Street No. 22A East Ram Nagar, Near Durga Mandir, _bDelhi _e110032 |
||
| 300 |
_a87p. _c22cm (Hb) |
||
| 942 |
_2ddc _cEN _mGAD _h881 |
||
| 999 |
_c39620 _d39620 |
||